The golden phoenix : (Record no. 13798)

000 -LEADER
fixed length control field 00558cam a2200193 a 4500
020 ## - INTERNATIONAL STANDARD BOOK NUMBER
ISBN 089410862X (alk. paper)
020 ## - INTERNATIONAL STANDARD BOOK NUMBER
ISBN 0894108824 (pbk. : alk. paper)
040 ## - CATALOGING SOURCE
Transcribing agency DLC
041 1# - LANGUAGE CODE
Language code of original and/or intermediate translations of text kor
082 00 - DEWEY DECIMAL CLASSIFICATION NUMBER
Classification number 895 LYN 1998 A094 Or.
245 04 - TITLE STATEMENT
Title The golden phoenix :
Remainder of title seven contemporary Korean short stories /
260 ## - PUBLICATION, DISTRIBUTION, ETC. (IMPRINT)
Place of publication Boulder :
Name of publisher Lynne Rienner Publishers,
Year of publication 1998.
300 ## - PHYSICAL DESCRIPTION
Number of Pages ix, 297 p. ;
Dimensions 24 cm.
500 ## - GENERAL NOTE
General note "A three continents book."
650 #0 - SUBJECT ADDED ENTRY--TOPICAL TERM
Topical Term Short stories, Korean
650 #0 - SUBJECT ADDED ENTRY--TOPICAL TERM
Topical Term Korean fiction
700 1# - ADDED ENTRY--PERSONAL NAME
Personal name Sŏ, Chi-mun.
942 ## - ADDED ENTRY ELEMENTS (KOHA)
Koha item type សៀវភៅភាសាអង់គ្លេស
952 ## - LOCATION AND ITEM INFORMATION (KOHA)
Withdrawn status [LOCAL, KOHA] 0
Holdings
Permanent Location Date acquired Koha item type Lost status Shelving location Barcode Current Location Full call number
Library Block A2017-08-31សៀវភៅភាសាអង់គ្លេស A094A18637Library Block A895 LYN 1998 A094 Or.
មជ្ឈមណ្ឌលឯការនៃសាកលវិទ្យាល័យភូមិន្ទកសិកម្មចំការដូង

Powered by Koha